000 00751nam a2200241 i 4500
001 8846
003 ES-MaACL
005 20250801063010.0
007 t|
008 921105s1990 mx |||| | spa d
020 _a968-16-3442-X
080 _a9(72)"1808/1974"
100 1 _aZavala, Silvio,
_d1909-2014
_9118108
245 1 0 _aApuntes de historia nacional
_b: 1808-1974 /
_cSilvio Zavala.
250 _a5ª ed.
260 _aMéxico :
_bEl Colegio Nacional :
_bFondo de Cultura Económica,
_c1990.
300 _a229 p. ;
_c21 cm.
651 4 _aMéxico-
_xHistoria-
_yS.XIX.
_99067
651 4 _aMéxico-
_xHistoria-
_yS.XX.
_9153838
710 2 _aColegio Nacional (México)
_92941
852 _aES-MaACL
_jL-16265
999 _c8846
_d8846